Rūpabāṃlā. (Record no. 73205)

MARC details
000 -LEADER
fixed length control field 00707cam a22002291 4500
001 - CONTROL NUMBER
control field sa 67002339
003 - CONTROL NUMBER IDENTIFIER
control field DLC
005 - DATE AND TIME OF LATEST TRANSACTION
control field 20260227112330.0
008 - FIXED-LENGTH DATA ELEMENTS--GENERAL INFORMATION
fixed length control field 831227s1965 pk 000 0 ben
010 ## - LIBRARY OF CONGRESS CONTROL NUMBER
LC control number sa 67002339
035 ## - SYSTEM CONTROL NUMBER
System control number (OCoLC)21647118
040 ## - CATALOGING SOURCE
Original cataloging agency DLC
Transcribing agency CU
Modifying agency DLC
042 ## - AUTHENTICATION CODE
Authentication code premarc
050 00 - LIBRARY OF CONGRESS CALL NUMBER
Classification number PK1717.K3
Item number R3
100 2# - MAIN ENTRY--PERSONAL NAME
Personal name Rawshan Ara Zaman,
Dates associated with a name 1934-
245 10 - TITLE STATEMENT
Title Rūpabāṃlā.
Remainder of title Kābya saṃkalana.
Statement of responsibility, etc. Sampādanā : Raośana Ārā Jāmāna [ebaṃ] Saiẏada Ānoẏāra Hosena
260 ## - PUBLICATION, DISTRIBUTION, ETC.
Place of publication, distribution, etc. Karācī,
Name of publisher, distributor, etc. Kathākali,
Date of publication, distribution, etc. 1965
300 ## - PHYSICAL DESCRIPTION
Extent 29 p.
Other physical details illus.
Dimensions 23 cm
500 ## - GENERAL NOTE
General note In Bengali
650 #0 - SUBJECT ADDED ENTRY--TOPICAL TERM
Topical term or geographic name entry element Bengali poetry
Geographic subdivision Pakistan
-- Karachi
700 1# - ADDED ENTRY--PERSONAL NAME
Personal name Hosena, Saiẏada Ānoẏāra,
Dates associated with a name 1934-

No items available.

Powered by Koha